Statistics for Countries That Contain Y

Click here to take the quiz!

General Stats

  • This quiz has been taken 131 times
    (93 since last reset)
  • The average score is 16 of 19

Answer Stats

Answer% Correct
Malaysia
95%
Yemen
95%
Paraguay
93%
Uruguay
93%
Germany
89%
Guyana
86%
Norway
86%
Turkey
86%
Hungary
84%
Italy
84%
Libya
82%
Syria
82%
Kyrgyzstan
77%
Myanmar
77%
Egypt
75%
Seychelles
74%
Cyprus
70%
Kenya
63%
Vatican City
63%

Score Distribution

Percentile by Number Answered

Percent of People with Each Score

Your Score History

You have not taken this quiz since the last reset